[Event "HUN-chT2 Barcza 0506"]
[Site "Hungary"]
[Date "2006.02.26"]
[Round "8"]
[White "Lukacs, Jozsef"]
[Black "Csete Szemesi, Attila"]
[Result "1-0"]
[WhiteElo "2111"]
[BlackElo "2016"]
[PlyCount "137"]
[EventDate "2005.10.16"]
[EventType "team"]
[EventRounds "11"]
[EventCountry "HUN"]
[SourceTitle "EXT 2009"]
[Source "ChessBase"]
[SourceDate "2008.11.26"]
[SourceVersion "1"]
[SourceVersionDate "2008.11.26"]
[SourceQuality "1"]
[WhiteTeam "Szabolcs Volan"]
[BlackTeam "Lokomotiv"]
[WhiteTeamCountry "HUN"]
[BlackTeamCountry "HUN"]

1. d4 Nf6 2. Nf3 c5 3. e3 e6 4. Bd3 Nc6 5. a3 Qb6 6. c3 a5 7. 0-0 Qc7 8. Nbd2 b6 9. Qe2 Be7 10. e4 d5 11. e5 Nd7 12. Re1 Ndb8 13. Qe3 Ba6 14. Bb1 h6 15. Nf1 Bxf1 16. Kxf1 a4 17. Qf4 Na5 18. Qg4 Bf8 19. Bd3 c4 20. Bc2 Nb3 21. Rb1 Nc6 22. Be3 0-0-0 23. h4 g6 24. Ng1 Ne7 25. Ne2 Nf5 26. Bxf5 gxf5 27. Qh5 Bg7 28. Nf4 Rdg8 29. Qe2 Bf8 30. Rbd1 Rg4 31. g3 Qd8 32. Qf3 Kc7 33. Nh5 Kc6 34. Nf6 Rg6 35. Bf4 Be7 36. h5 Rg7 37. Qe3 Bxf6 38. exf6 Rg4 39. Qe5 Na5 40. f3 Rgg8 41. Kf2 Rh7 42. Rg1 Kb7 43. Qd6 Qxd6 44. Bxd6 Nc6 45. Rg2 Kc8 46. Rdg1 Kd7 47. Bf4 Rhh8 48. g4 fxg4 49. fxg4 Nd8 50. Kf3 e5 51. Bxe5 Ne6 52. Bf4 Re8 53. Re2 Reg8 54. Re5 Kc6 55. Rge1 Re8 56. Bd2 Rh7 57. Rf5 Rd8 58. Kg3 Ra8 59. Kh4 Ra5 60. Rxe6+ fxe6 61. f7 exf5 62. f8Q fxg4 63. Bf4 Kb7 64. Kxg4 Rb5 65. Qb8+ Ka6 66. Qc8+ Rb7 67. Bc1 Ka7 68. Qc6 Ra5 69. Bxh6 1-0

[Event "HUN-chT2 Barcza 0506"]
[Site "Hungary"]
[Date "2006.02.12"]
[Round "7"]
[White "Lukacs, Jozsef"]
[Black "Kovacs, Laszlo3333"]
[Result "1-0"]
[WhiteElo "2111"]
[BlackElo "2027"]
[PlyCount "93"]
[EventDate "2005.10.16"]
[EventType "team"]
[EventRounds "11"]
[EventCountry "HUN"]
[SourceTitle "EXT 2009"]
[Source "ChessBase"]
[SourceDate "2008.11.26"]
[SourceVersion "1"]
[SourceVersionDate "2008.11.26"]
[SourceQuality "1"]
[WhiteTeam "Szabolcs Volan"]
[BlackTeam "Kozma Auto"]
[WhiteTeamCountry "HUN"]
[BlackTeamCountry "HUN"]

1. d4 d5 2. Nf3 e6 3. e3 f5 4. c4 c6 5. Bd2 Nf6 6. Qb3 Qb6 7. Qxb6 axb6 8. Be2 Bd6 9. 0-0 0-0 10. Bc3 Nbd7 11. Nbd2 Ne4 12. Nxe4 fxe4 13. Ne5 Nf6 14. b4 dxc4 15. Nxc4 Bc7 16. a4 Nd5 17. Rfc1 Bd7 18. Be1 Ra7 19. a5 Rfa8 20. Rab1 b5 21. Nd2 b6 22. axb6 Bxb6 23. Nxe4 Ra2 24. Bf3 Bd8 25. Nc5 Bc8 26. g3 R8a3 27. Bg2 Bf6 28. e4 Nb6 29. e5 Bg5 30. f4 Rxg2+ 31. Kxg2 Be7 32. Bc3 Nd5 33. Ne4 Bb7 34. Ra1 Rxa1 35. Bxa1 Nxb4 36. Nc5 Bc8 37. Bc3 Bxc5 38. dxc5 Nd3 39. Ra1 Kf7 40. Bd4 b4 41. Ra8 Bd7 42. Ra7 Ke8 43. Rb7 Kd8 44. Kf1 Kc8 45. Rb6 Be8 46. Ke2 Bg6 47. Rxc6+ 1-0

[Event "HUN-chT2 Barcza 0304"]
[Site "Hungary"]
[Date "2003.11.30"]
[Round "4"]
[White "Lukacs, Jozsef"]
[Black "Kun, Imre"]
[Result "1-0"]
[WhiteElo "2128"]
[BlackElo "2075"]
[PlyCount "99"]
[EventDate "2003.08.29"]
[EventType "team"]
[EventRounds "11"]
[EventCountry "HUN"]
[SourceTitle "EXT 2009"]
[Source "ChessBase"]
[SourceDate "2008.11.26"]
[SourceVersion "1"]
[SourceVersionDate "2008.11.26"]
[SourceQuality "1"]
[WhiteTeam "Szabolcs Volan"]
[BlackTeam "Nadudvar"]
[WhiteTeamCountry "HUN"]
[BlackTeamCountry "HUN"]

1. d4 g6 2. c4 d6 3. Nc3 Bg7 4. e4 Nd7 5. Be3 Ngf6 6. f3 e5 7. Qd2 a6 8. d5 0-0 9. b4 a5 10. bxa5 Rxa5 11. Nb5 b6 12. Ne2 Nc5 13. Qc2 Bd7 14. Nec3 Ne8 15. g4 c6 16. dxc6 Bxc6 17. Rd1 f5 18. g5 fxe4 19. fxe4 Ne6 20. h4 Bxb5 21. Nxb5 Qa8 22. a3 Nc5 23. Bg2 Rf7 24. h5 Bf8 25. Qe2 Ng7 26. hxg6 hxg6 27. Rh6 Qe8 28. Qg4 Rf4 29. Bxf4 exf4 30. Qxf4 Nge6 31. Qf6 Bxh6 32. gxh6 Nd7 33. h7+ Kxh7 34. Qh4+ Kg7 35. Nxd6 Qf8 36. Nf5+ Rxf5 37. exf5 Nec5 38. fxg6 Qe8+ 39. Kf1 Qxg6 40. Qe7+ Qf7+ 41. Qxf7+ Kxf7 42. Ke2 Kf6 43. Ke3 Ke7 44. Bc6 Nb8 45. Bb5 Nbd7 46. Bxd7 Nxd7 47. Ke4 Nc5+ 48. Ke5 Nb7 49. Rb1 Nd6 50. Kd5 1-0

[Event "HUN-chT2 Barcza 0304"]
[Site "Hungary"]
[Date "2003.11.16"]
[Round "3"]
[White "Szabo, Gergely Andras"]
[Black "Lukacs, Jozsef"]
[Result "1-0"]
[WhiteElo "2203"]
[BlackElo "2128"]
[PlyCount "61"]
[EventDate "2003.08.29"]
[EventType "team"]
[EventRounds "11"]
[EventCountry "HUN"]
[SourceTitle "EXT 2009"]
[Source "ChessBase"]
[SourceDate "2008.11.26"]
[SourceVersion "1"]
[SourceVersionDate "2008.11.26"]
[SourceQuality "1"]
[WhiteTeam "DEAC"]
[BlackTeam "Szabolcs Volan"]
[WhiteTeamCountry "HUN"]
[BlackTeamCountry "HUN"]

1. d4 Nf6 2. Nf3 e6 3. Nbd2 c5 4. e3 Nc6 5. a3 d5 6. dxc5 Bxc5 7. b4 Bd6 8. Bb2 0-0 9. Bd3 a6 10. c4 Re8 11. 0-0 e5 12. cxd5 Nxd5 13. Ne4 Bf8 14. Neg5 g6 15. Bc4 Be6 16. Nxe6 fxe6 17. Nxe5 Qf6 18. Bxd5 Nxe5 19. Bxb7 Rad8 20. Qe2 Bg7 21. Bd4 Qh4 22. g3 Qh3 23. Bg2 Qf5 24. f4 Rxd4 25. exd4 Ng4 26. Rad1 Rd8 27. Bf3 h5 28. Be4 Qf7 29. h3 Nh6 30. Qxa6 Nf5 31. Bxf5 1-0

[Event "Nyiregyhaza op"]
[Site "Nyiregyhaza"]
[Date "2003.07.13"]
[Round "9"]
[White "Lukacs, Jozsef"]
[Black "Gunyecz, Zoltan"]
[Result "0-1"]
[WhiteElo "2128"]
[BlackElo "2054"]
[PlyCount "36"]
[EventDate "2003.07.05"]
[EventType "swiss"]
[EventRounds "9"]
[EventCountry "HUN"]
[SourceTitle "EXT 2005"]
[Source "ChessBase"]
[SourceDate "2004.11.15"]
[SourceVersion "1"]
[SourceVersionDate "2004.11.15"]
[SourceQuality "1"]

1. d4 Nf6 2. c4 g6 3. Nc3 d5 4. cxd5 Nxd5 5. e4 Nxc3 6. bxc3 Bg7 7. Bc4 0-0 8. Ne2 c5 9. 0-0 Nc6 10. Bg5 cxd4 11. cxd4 Nxd4 12. Nxd4 Qxd4 13. Qxd4 Bxd4 14. Rab1 e6 15. Rb3 a6 16. Rfb1 b5 17. Bf1 e5 18. Rh3 Bxh3 0-1

[Event "HUN-chT2 Breyer 0203"]
[Site "Hungary"]
[Date "2003.03.23"]
[Round "9"]
[White "D Albini, Geza"]
[Black "Lukacs, Jozsef"]
[Result "1/2-1/2"]
[WhiteElo "2129"]
[BlackElo "2119"]
[PlyCount "51"]
[EventDate "2002.09.22"]
[EventType "team"]
[EventRounds "11"]
[EventCountry "HUN"]
[SourceTitle "EXT 2009"]
[Source "ChessBase"]
[SourceDate "2008.11.26"]
[SourceVersion "1"]
[SourceVersionDate "2008.11.26"]
[SourceQuality "1"]

1. c4 Nf6 2. Nc3 g6 3. e4 d6 4. g3 Bg7 5. Bg2 0-0 6. d4 e5 7. d5 a5 8. Nge2 Nfd7 9. 0-0 f5 10. f3 Nf6 11. Be3 b6 12. a3 Nh5 13. b4 Nd7 14. Qb3 f4 15. Bf2 fxg3 16. hxg3 Bh6 17. Ra2 Rf7 18. Rc2 Qf8 19. Nb5 Ndf6 20. c5 bxc5 21. bxc5 Rb8 22. a4 Ne8 23. Qc3 g5 24. g4 Nf4 25. Nxf4 gxf4 26. Bh4 1/2-1/2

[Event "Piremon Nyirsegi Torna op"]
[Site "Nyiregyhaza"]
[Date "2002.07.03"]
[Round "5"]
[White "Palasti, Ferenc"]
[Black "Lukacs, Jozsef"]
[Result "0-1"]
[WhiteElo "2090"]
[BlackElo "2119"]
[PlyCount "68"]
[EventDate "2002.06.29"]
[EventType "swiss"]
[EventRounds "9"]
[EventCountry "HUN"]
[SourceTitle "EXT 2004"]
[Source "ChessBase"]
[SourceDate "2003.11.25"]
[SourceVersion "1"]
[SourceVersionDate "2003.11.25"]
[SourceQuality "1"]

1. Nf3 Nf6 2. c4 g6 3. Nc3 Bg7 4. d4 0-0 5. e4 d6 6. h3 Nbd7 7. Bg5 h6 8. Bh4 c6 9. Bd3 e5 10. dxe5 Nxe5 11. Nxe5 dxe5 12. 0-0 Qd4 13. Qe2 Nh5 14. Rad1 Nf4 15. Qc2 g5 16. Bg3 Be6 17. Ne2 Qd7 18. Rd2 Kh8 19. Rfd1 Rg8 20. Kh2 h5 21. f3 Bf6 22. Qc3 Rg6 23. Ng1 g4 24. Bf1 Qc7 25. Qc2 Rag8 26. Bxf4 exf4 27. b3 Qe5 28. Kh1 Qg5 29. Bd3 Be5 30. c5 Qh4 31. Rf1 gxh3 32. Nxh3 Bxh3 33. gxh3 Bd4 34. Rdd1 Rg3 0-1

[Event "Piremon Nyirsegi Torna op"]
[Site "Nyiregyhaza"]
[Date "2002.07.01"]
[Round "3"]
[White "Varadi, Viktor"]
[Black "Lukacs, Jozsef"]
[Result "1-0"]
[WhiteElo "2272"]
[BlackElo "2119"]
[PlyCount "44"]
[EventDate "2002.06.29"]
[EventType "swiss"]
[EventRounds "9"]
[EventCountry "HUN"]
[SourceTitle "EXT 2004"]
[Source "ChessBase"]
[SourceDate "2003.11.25"]
[SourceVersion "1"]
[SourceVersionDate "2003.11.25"]
[SourceQuality "1"]

1. e4 c5 2. Nf3 Nc6 3. d4 cxd4 4. Nxd4 Qc7 5. Nc3 e6 6. Be3 Nf6 7. Be2 a6 8. 0-0 Be7 9. f4 d6 10. Kh1 Bd7 11. Qe1 b5 12. a3 Nxd4 13. Bxd4 e5 14. Be3 Bc6 15. Qg3 h5 16. fxe5 dxe5 17. Bd4 Bd6 18. Qxg7 Rg8 19. Qxf6 exd4 20. Bxh5 Ra7 21. Qe6+ Kd8 22. Rxf7 Bd7 1-0

[Event "Nyiregyhaza op"]
[Site "Nyiregyhaza"]
[Date "1999.07.15"]
[Round "6"]
[White "Gal, Jozsef Istvan"]
[Black "Lukacs, Jozsef"]
[Result "1-0"]
[WhiteElo "2307"]
[BlackElo "2096"]
[PlyCount "69"]
[EventDate "1999.07.??"]
[EventType "swiss"]
[EventRounds "9"]
[EventCountry "HUN"]
[SourceTitle "EXT 2004"]
[Source "ChessBase"]
[SourceDate "2003.11.25"]
[SourceVersion "1"]
[SourceVersionDate "2003.11.25"]
[SourceQuality "1"]

1. e4 c5 2. Nf3 Nc6 3. d4 cxd4 4. Nxd4 d6 5. Nc3 a6 6. Be3 Nf6 7. Be2 g6 8. g4 Nxd4 9. Bxd4 e5 10. Be3 Qa5 11. g5 Nxe4 12. Qd5 Nc5 13. Qd2 Be6 14. Bf3 Rd8 15. a3 Qc7 16. Bd5 Bg7 17. h4 b5 18. h5 gxh5 19. Bxe6 fxe6 20. Qe2 e4 21. 0-0-0 Bxc3 22. bxc3 Na4 23. Qxh5+ Ke7 24. Rh3 Rc8 25. Bd4 e5 26. Qh6 Rhf8 27. Qxh7+ Ke8 28. Qxe4 Qe7 29. Rh7 Qxg5+ 30. Be3 Nxc3 31. Qb7 Ne2+ 32. Kb1 Qd8 33. Rxd6 Nc3+ 34. Ka1 Qxd6 35. Qxc8+ 1-0

[Event "Nyiregyhaza op"]
[Site "Nyiregyhaza"]
[Date "1999.07.10"]
[Round "1"]
[White "Lukacs, Jozsef"]
[Black "Prokopisin, Vasily"]
[Result "0-1"]
[WhiteElo "2096"]
[BlackElo "2338"]
[PlyCount "140"]
[EventDate "1999.07.??"]
[EventType "swiss"]
[EventRounds "9"]
[EventCountry "HUN"]
[SourceTitle "EXT 2004"]
[Source "ChessBase"]
[SourceDate "2003.11.25"]
[SourceVersion "1"]
[SourceVersionDate "2003.11.25"]
[SourceQuality "1"]

1. d4 c5 2. d5 Nf6 3. c4 g6 4. Nc3 d6 5. Nf3 Bg7 6. e4 Na6 7. Be2 Nc7 8. 0-0 0-0 9. Ne1 Bd7 10. f4 Qc8 11. h3 Rb8 12. a4 b6 13. e5 Nfe8 14. Nf3 a6 15. Qe1 e6 16. Qh4 Qd8 17. Qxd8 Rxd8 18. Rd1 exd5 19. cxd5 Bc8 20. Be3 a5 21. Bc4 Rd7 22. Bf2 Bh6 23. g3 Re7 24. Kg2 Na6 25. Nb5 Rd7 26. Re1 Nb4 27. Rad1 Bb7 28. Nc3 Bg7 29. Kh2 h6 30. Bb5 Re7 31. g4 Nc7 32. Bc4 Rd7 33. e6 fxe6 34. dxe6 Re7 35. Nh4 Rxf4 36. Bg3 Rxc4 37. Bxd6 Rxe6 38. Bxc7 Rxe1 39. Rxe1 Nd3 40. Re8+ Kf7 41. Rb8 Be4 42. Nxe4 Rxe4 43. b3 Re7 44. Bd6 Re6 45. Rb7+ Kg8 46. Bc7 Be5+ 47. Bxe5 Nxe5 48. Kg3 Rf6 49. Re7 Nc6 50. Re3 Nd4 51. Ng2 g5 52. Ne1 Re6 53. Rxe6 Nxe6 54. Nf3 c4 55. bxc4 Nc5 56. Nd4 Nxa4 57. Nb5 Nb2 58. Na3 Kf7 59. Kf3 Ke6 60. Ke4 Nd1 61. Kf3 Ke5 62. Ke2 Nb2 63. Ke3 a4 64. c5 bxc5 65. Kd2 Kd5 66. Ke2 Nc4 67. Nb5 Nb6 68. Nc3+ Ke5 69. Na2 c4 70. Ke3 a3 0-1

[Event "Budapest FS09 schev"]
[Site "Budapest"]
[Date "1998.??.??"]
[Round "?"]
[White "Harmatosi, Jozsef"]
[Black "Lukacs, Jozsef"]
[Result "1/2-1/2"]
[WhiteElo "2180"]
[BlackElo "2105"]
[PlyCount "27"]
[EventDate "1998.??.??"]
[EventType "schev"]
[EventRounds "9"]
[EventCountry "HUN"]
[SourceTitle "EXT 2004"]
[Source "ChessBase"]
[SourceDate "2003.11.25"]
[SourceVersion "1"]
[SourceVersionDate "2003.11.25"]
[SourceQuality "1"]

1. e4 e5 2. Nf3 Nc6 3. Bb5 a6 4. Ba4 d6 5. 0-0 Nf6 6. Re1 Be7 7. c3 b5 8. Bb3 Na5 9. Bc2 c5 10. d4 cxd4 11. cxd4 Bg4 12. Nc3 0-0 13. h3 Bxf3 14. Qxf3 1/2-1/2

[Event "Nyiregyhaza op"]
[Site "Nyiregyhaza"]
[Date "1998.??.??"]
[Round "9"]
[White "Lukacs, Jozsef"]
[Black "Mohacsi, Imre"]
[Result "1-0"]
[WhiteElo "2105"]
[BlackElo "2215"]
[PlyCount "69"]
[EventDate "1998.07.??"]
[EventType "swiss"]
[EventRounds "9"]
[EventCountry "HUN"]
[SourceTitle "EXT 2002"]
[Source "ChessBase"]
[SourceDate "2001.11.25"]
[SourceVersion "1"]
[SourceVersionDate "2001.11.25"]
[SourceQuality "1"]

1. d4 Nf6 2. Bg5 d5 3. e3 e6 4. Bd3 Be7 5. f4 c5 6. c3 Nc6 7. Nf3 cxd4 8. exd4 Ne4 9. Bxe7 Qxe7 10. 0-0 0-0 11. Nbd2 f5 12. Ne5 Nxe5 13. fxe5 Bd7 14. Qe2 a6 15. a4 Bc6 16. a5 Rf7 17. Ra3 Raf8 18. Rb3 g5 19. Rb6 g4 20. Nxe4 dxe4 21. Bxa6 Qg5 22. Bc4 Bd5 23. Rxe6 Bxc4 24. Qxc4 Qe3+ 25. Kh1 Kg7 26. Rd6 f4 27. e6 Re7 28. Rd7 Rxd7 29. exd7 f3 30. gxf3 exf3 31. d8Q Rxd8 32. Qc7+ Kg6 33. Qxd8 Qe2 34. Qd6+ Kf7 35. Qf4+ 1-0

[Event "Budapest FS12 schev"]
[Site "Budapest"]
[Date "1998.??.??"]
[Round "?"]
[White "Lukacs, Jozsef"]
[Black "Svoboda, Svatopluk"]
[Result "0-1"]
[WhiteElo "2105"]
[BlackElo "2125"]
[PlyCount "26"]
[EventDate "1998.12.??"]
[EventType "schev"]
[EventRounds "9"]
[EventCountry "HUN"]
[SourceTitle "EXT 2004"]
[Source "ChessBase"]
[SourceDate "2003.11.25"]
[SourceVersion "1"]
[SourceVersionDate "2003.11.25"]
[SourceQuality "1"]

1. e4 c5 2. Nf3 e6 3. d4 cxd4 4. Nxd4 Nf6 5. c3 Nxe4 6. Bd3 Nf6 7. 0-0 Bc5 8. Be3 0-0 9. Nd2 b6 10. N2f3 Bb7 11. Qc2 d6 12. Rae1 e5 13. Nf5 e4 0-1